The Haunters and The Haunted : (Record no. 247208)
[ view plain ]
| 000 -LEADER | |
|---|---|
| fixed length control field | 02092cam a22002413a 4500 |
| 001 - CONTROL NUMBER | |
| control field | 17953 |
| 003 - CONTROL NUMBER IDENTIFIER | |
| control field | PGUSA |
| 005 - DATE AND TIME OF LATEST TRANSACTION | |
| control field | 20140828083401.0 |
| 008 - FIXED-LENGTH DATA ELEMENTS--GENERAL INFORMATION | |
| fixed length control field | 060309s2006||||xxu|||||s|||||000 | eng d |
| 040 ## - CATALOGING SOURCE | |
| Original cataloging agency | PGUSA |
| Language of cataloging | eng |
| 042 ## - AUTHENTICATION CODE | |
| Authentication code | dc |
| 050 #4 - LIBRARY OF CONGRESS CALL NUMBER | |
| Classification number | PN |
| 245 14 - TITLE STATEMENT | |
| Title | The Haunters and The Haunted : |
| Remainder of title | Ghost Stories And Tales Of The Supernatural |
| Medium | [electronic resource] |
| 260 ## - PUBLICATION, DISTRIBUTION, ETC. (IMPRINT) | |
| Name of publisher, distributor, etc | Project Gutenberg, |
| Date of publication, distribution, etc | 2006 |
| 505 0# - FORMATTED CONTENTS NOTE | |
| Formatted contents note | The fall of the house of Usher -- The old nurse's story -- The superstitious Man's story -- A story of Ravenna -- Teig O'Kane and the corpse -- The haunted and the haunters: or the house and the brain -- The Botathen ghost -- The ghost of Lord Clarenceux -- Dr Duthoit's vision -- The seven lights -- The spectral coach of Blackadon -- Drake's drum -- The spectre bridegroom -- The pool in the graveyard -- The Lianhan Shee -- The haunted cove -- Wandering Willie's tale -- Glamis castle -- Powys castle -- Croglin grange -- The ghost of Major Sydenham -- The miraculous case of Jesch Claes -- The radiant boy of Corby castle -- Clerk Saunders -- Dorothy Durant -- Pearlin Jean -- The Denton Hall ghost -- The Goodwood ghost story -- Captain Wheatcroft -- The iron cage -- The ghost of Rosewarne -- The iron chest of Durley -- The strange case of M. Bezuel -- The Marquis de Rambouillet -- The Altheim revenant -- Sertorius and his hind -- Erochtho -- Patroklos -- Vision of Cromwell -- Lord Strafford's warning -- Kotter's red circle -- The vision of Charles XI. of Sweden -- Ben Jonson's prevision -- Queen Ulrica -- Denis Misanger -- The pied piper -- Jeanne d'Arc -- Anne Walker -- The hand of glory -- The bloody footstep -- The ghostly warriors of Worms -- The wandering Jew in England -- Bendith Eu Mammau -- The red book of Appin -- The good O'Donoghue -- Sarah Polgrain -- Eleanor Cobham, Duchess of Gloucester. |
| 506 ## - RESTRICTIONS ON ACCESS NOTE | |
| Terms governing access | Public domain in the USA. |
| 516 ## - TYPE OF COMPUTER FILE OR DATA NOTE | |
| Type of computer file or data note | Electronic text |
| 653 ## - INDEX TERM--UNCONTROLLED | |
| Uncontrolled term | Ghost stories |
| 700 1# - ADDED ENTRY--PERSONAL NAME | |
| Personal name | Rhys, Ernest, |
| Dates associated with a name | 1859-1946 |
| 830 #0 - SERIES ADDED ENTRY--UNIFORM TITLE | |
| Uniform title | Project Gutenberg |
| Volume number/sequential designation | 17953 |
| 856 40 - ELECTRONIC LOCATION AND ACCESS | |
| Uniform Resource Identifier | <a href="http://www.gutenberg.org/ebooks/17953">http://www.gutenberg.org/ebooks/17953</a> |
| 942 ## - ADDED ENTRY ELEMENTS (KOHA) | |
| Koha item type | eBooks |
| Withdrawn status | Lost status | Damaged status | Home library | Current library | Date acquired | Total Checkouts | Date last seen | Price effective from | Koha item type |
|---|---|---|---|---|---|---|---|---|---|
| Project Gutenberg | Project Gutenberg | 08/28/2014 | 08/28/2014 | 08/28/2014 | eBooks |